000 00450nam a2200169 i 4500
001 bg
100 1 _aBRINKWORTH, Brian J.
245 0 _aEnergia słoneczna w służbie człowieka /
_cBrian J. Brinkworth.
260 _aWarszawa,
_c1979.
490 1 _aBiblioteka Problemów ;
_vT.254
830 _aBiblioteka Problemów ;
040 _cBPK
041 _apol
080 _a620.9:551.52
942 _cKS
008 s pl f |000 0 pol
999 _c21498
_d21498
856 _uhttp://koha.tu.koszalin.pl/cgi-bin/koha/opac-detail.pl?biblionumber=21498
_yKatalog online BPK